IVE - Quiz Ultime - Statistiques

Statistiques générales
  • Ce quiz a été pris 12 fois
  • Le résultat moyen est 23 sur 83
Statistiques - réponses
Hint Réponse % Correct
Autres Nombre de membres portant un nom de scène 2
88%
Informations générales Année de début 2021
88%
Informations générales Nombre total de membres 6
88%
Informations générales Nom des fans DIVE
88%
Gaeul Nationalité Corée du Sud
75%
Leeseo Nationalité Corée du Sud
75%
Liz Nationalité Corée du Sud
75%
Wonyoung Nationalité Corée du Sud
75%
Yujin Nationalité Corée du Sud
75%
Début 1ère chanson réalisée ELEVEN
75%
Autres Chansons qui leur a offert leur 1er victoire en music show Eleven
75%
Wonyoung Position Chanteuse / Danseuse / Visuel
63%
Leeseo Position Danseuse principale / Chanteuse / Visuel / Maknae
63%
Gaeul Position Danseuse principale / Rappeuse principale / Chanteuse
63%
Leeseo Couleur Jaune
63%
Rei Position Rappeuse principale / Chanteuse
63%
Rei Nationalité Japon
50%
Yujin Position Leader / Danseuse principale / Chanteuse principale
50%
Wonyoung Couleur Rouge
50%
Rei Couleur Vert
50%
Gaeul Signe astrologique Balance
38%
Autres Membre la plus âgée Gaeul
38%
Leeseo Avec qui était-elle MC ? Han Yu-jin / Moon Seong-hyun
38%
Informations générales Signification du nom I have
38%
Gaeul Nom complet Kim Ga-eul
38%
Autres Première chanson à dépasser 100M vues Love Dive
38%
Rei Nom complet Naoi Rei
38%
Autres Seule membre d'une nationalité différente Rei
38%
Wonyoung Signe astrologique Vierge
38%
Yujin Signe astrologique Vierge
38%
Autres Membre la plus grande Wonyoung
38%
Yujin Nom complet An Yu-jin
25%
Informations générales Concept du groupe Girl crush / élégance / confiance / princesse
25%
Albums 2023 I've Mine
25%
Wonyoung Nom complet Jang Won-young
25%
Liz Nom complet Kim Ji-won
25%
Autres Dernière membre révélée au public Leeseo
25%
Albums 2026 Revive+
25%
Liz Signe astrologique Scorpion
25%
Informations générales Nom de leur agence STARSHIP Entertainment
25%
Rei Signe astrologique Verseau
25%
Début 1ère chanson en japonais Wave
25%
Albums 2023 Wave
25%
Début Date de début 1 décembre 2021
13%
Wonyoung Classement du survival show 1ère
13%
Yujin Anniversaire 1 septembre 2003
13%
Gaeul Anniversaire 24 septembre 2002
13%
Albums 2025 Be Alright
13%
Gaeul Couleur Bleu foncé
13%
Wonyoung MINIVE CHERRY
13%
Leeseo Show musical pour lequel elle était MC Inkigayo
13%
Albums 2023 I'VE IVE
13%
Albums 2024 I've Switch
13%
Wonyoung Groupe temporaire dans lequel elle a débuté suite à son survival show Iz*One
13%
Yujin Groupe temporaire dans lequel elle a débuté suite à son survival show Iz*One
13%
Yujin Couleur Magenta
13%
Wonyoung Show musical pour lequel elle était MC Music Bank
13%
Wonyoung Survival show auquel elle a participé Produce 48
13%
Yujin Survival show auquel elle a participé Produce 48
13%
Leeseo Anniversaire 21 février 2007
0%
Liz Anniversaire 21 novembre 2004
0%
Wonyoung Anniversaire 31 août 2004
0%
Rei Anniversaire 3 février 2004
0%
Yujin Classement du survival show 5e
0%
Rei Style unique pour lequel elle est connue Aegyo
0%
Albums 2024 Alive
0%
Liz Position Chanteuse pincipale
0%
Liz MINIVE CHEEZ
0%
Liz Couleur Cyan
0%
Gaeul MINIVE DAL-E
0%
Rei Art où elle est très forte Dessin
0%
Leeseo MINIVE ERANG-E
0%
Yujin MINIVE GANGANJI
0%
Leeseo Nom complet Hyun-seo
0%
Albums 2025 Ive Empathy
0%
Albums 2025 Ive Secret
0%
Gaeul Agence pour laquelle elle n'a pas réussi le casting JYP Entertainment
0%
Wonyoung Avec qui était-elle MC ? Lee Ju-yeon / Lee Young-ji / Lee Chae-min
0%
Rei MINIVE NAORI
0%
Liz Instrument qu'elle sait jouer Piano
0%
Leeseo Signe astrologique Poisson
0%
Leeseo Agence où elle était mannequin pour enfant SM Entertainment
0%
Liz Clip de Taeyeon où elle est apparue This Christmas
0%
Aucun quiz correspondant
Distribution des résultats
% des personnes avec chaque résultat
Percentile par nombre de réponses
Votre historique - résultats
Vous n’avez pas pris ce quiz